House of the Dragon Episode Titles - Statistics

General Stats
  • This quiz has been taken 125 times
  • The average score is 9 of 18
Answer Stats
Hint Answer % Correct
Season 1 Episode 10 The Black Queen
74%
Season 1 Episode 9 The Green Council
71%
Season 2 Episode 1 A Son for a Son
66%
Season 1 Episode 7 Driftmark
66%
Season 2 Episode 4 The Red Dragon and the Gold
56%
Season 1 Episode 1 Heirs of the Dragon
55%
Season 1 Episode 2 The Rogue Prince
53%
Season 1 Episode 5 We Light the Way
51%
Season 2 Episode 6 Smallfolk
49%
Season 1 Episode 8 Lord of the Tides
47%
Season 1 Episode 6 The Princess and the Queen
47%
Season 2 Episode 8 The Queen Who Ever Was
47%
Season 2 Episode 2 Rhaenyra the Cruel
45%
Season 1 Episode 3 Second of His Name
43%
Season 1 Episode 4 King of the Narrow Sea
42%
Season 2 Episode 3 Burning Mill
35%
Season 2 Episode 5 Regent
35%
Season 2 Episode 7 Red Sowing
30%
No matching quizzes found
Score Distribution
Percent of People with Each Score
Percentile by Number Answered
Your Score History
You have not taken this quiz